[Event "RUS-chT Blitz Men 2018"]
[Site "Sochi"]
[Date "2018.10.10"]
[Round "14"]
[White "Kostin, Alexey"]
[Black "Motylev, Alexander"]
[Result "1/2-1/2"]
[WhiteElo "2253"]
[BlackElo "2661"]
[Annotator "TA"]
[PlyCount "77"]
[EventDate "2018.10.10"]
[EventType "swiss"]
[EventCountry "RUS"]
[SourceTitle "playchess.com"]
[Source "ChessBase"]
[SourceQuality "1"]

1. e4 c5 2. c3 d5 3. exd5 Qxd5 4. d4 Nf6 5. Nf3 Bg4 6. Nbd2 e6 7. Bc4 Qd8 8. Qa4+ Nbd7 9. Ne5 cxd4 10. cxd4 a6 11. Nxg4 Nxg4 12. Be2 Ngf6 13. O-O Bd6 14. Nc4 Bc7 15. Qb3 Qb8 16. h3 O-O 17. Bf3 Ra7 18. Bd2 Rd8 19. Rfd1 Nd5 20. Bg5 N7f6 21. Ne3 h6 22. Bxf6 Nxf6 23. d5 e5 24. Nf5 e4 25. Be2 Bd6 26. Rac1 Bf4 27. Rc2 g6 28. Ne3 b5 29. Rc6 Be5 30. Ng4 Nxg4 31. Bxg4 Kg7 32. Qe3 f5 33. Bxf5 Bd6 34. Bxe4 Re7 35. Qd3 Rde8 36. f3 g5 37. Qd4+ Be5 38. Rg6+ Kf7 39. Qb6 1/2-1/2

[Event "RUS-chT Blitz Men 2018"]
[Site "Sochi"]
[Date "2018.10.10"]
[Round "14"]
[White "Dudin, Gleb"]
[Black "Gutenev, Alexander"]
[Result "0-1"]
[WhiteElo "2178"]
[BlackElo "2456"]
[Annotator "TA"]
[PlyCount "76"]
[EventDate "2018.10.10"]
[EventType "swiss"]
[EventCountry "RUS"]
[SourceTitle "playchess.com"]
[Source "ChessBase"]
[SourceQuality "1"]

1. d4 Nf6 2. c4 g6 3. Nf3 Bg7 4. e3 O-O 5. Be2 d5 6. cxd5 Nxd5 7. e4 Nb6 8. Nc3 Bg4 9. Be3 Nc6 10. d5 Bxf3 11. gxf3 Ne5 12. Qb3 c6 13. O-O-O cxd5 14. Nxd5 Nxd5 15. Rxd5 Qc8+ 16. Kb1 Qh3 17. Bd4 Nd7 18. Bxg7 Kxg7 19. Rg5 Qh4 20. Rg3 Qf6 21. Rd1 Nc5 22. Qe3 Rac8 23. f4 Qc6 24. e5 Na4 25. Qb3 Rfd8 26. Rgd3 Nc5 27. Qc3 Nxd3 28. Qxc6 Rxc6 29. Bxd3 Rd4 30. f5 gxf5 31. Rg1+ Rg6 32. Rd1 Rg2 33. Kc2 Rxf2+ 34. Kc3 Rd5 35. Rg1+ Kf8 36. e6 Rf3 37. Rd1 fxe6 38. Kc4 Rdxd3 0-1

[Event "RUS-chT Blitz Men 2018"]
[Site "Sochi"]
[Date "2018.10.10"]
[Round "14"]
[White "Dulenko, Maxim"]
[Black "Dilmukhametov, Artur"]
[Result "1/2-1/2"]
[WhiteElo "2139"]
[BlackElo "2353"]
[Annotator "TA"]
[PlyCount "118"]
[EventDate "2018.10.10"]
[EventType "swiss"]
[EventCountry "RUS"]
[SourceTitle "playchess.com"]
[Source "ChessBase"]
[SourceQuality "1"]

1. e4 e6 2. d4 d5 3. e5 c5 4. c3 Qb6 5. Nf3 Nc6 6. a3 Nh6 7. b4 cxd4 8. cxd4 Nf5 9. Be3 f6 10. exf6 gxf6 11. Nc3 Nxe3 12. fxe3 Bd7 13. Rc1 Bh6 14. Qd2 Ne7 15. Bd3 O-O 16. O-O Kh8 17. Qe2 Be8 18. Kh1 Bh5 19. Na4 Qd6 20. Rce1 Ng6 21. Qf2 e5 22. dxe5 fxe5 23. Qg3 Qe7 24. Bxg6 Bxg6 25. Nxe5 Be4 26. Nc5 Bg7 27. Ng4 Bc3 28. Rxf8+ Rxf8 29. Rg1 Bg6 30. h3 Rg8 31. e4 d4 32. Rf1 b6 33. Nd3 Bxe4 34. Kh2 Qe6 35. Rd1 Bc6 36. Nf4 Qe7 37. Nd3 Bd7 38. Rf1 Bxg4 39. hxg4 Qg7 40. Rf4 Bd2 41. Re4 Bg5 42. Re5 Bd8 43. Nf4 Bc7 44. Re4 d3 45. Qxd3 Qh6+ 46. Kg3 Rf8 47. Qc3+ Qg7 48. Qxg7+ Kxg7 49. Re7+ Rf7 50. Rxf7+ Kxf7 51. Kf3 Be5 52. b5 Bd6 53. a4 Kf6 54. Nd3 Kg5 55. Nf2 Be5 56. Ne4+ Kg6 57. g5 Kf5 58. g4+ Ke6 59. Ke3 Kd5 1/2-1/2

[Event "RUS-chT Blitz Men 2018"]
[Site "Sochi"]
[Date "2018.10.10"]
[Round "14"]
[White "Klimentov, Evgeny"]
[Black "Alekseenko, Kirill"]
[Result "0-1"]
[WhiteElo "2135"]
[BlackElo "2639"]
[Annotator "TA"]
[PlyCount "66"]
[EventDate "2018.10.10"]
[EventType "swiss"]
[EventCountry "RUS"]
[SourceTitle "playchess.com"]
[Source "ChessBase"]
[SourceQuality "1"]

1. e4 c5 2. Nf3 Nc6 3. Bb5 g6 4. Bxc6 dxc6 5. d3 Bg7 6. h3 Nh6 7. Nbd2 O-O 8. Nc4 f6 9. O-O e5 10. a4 b6 11. Be3 Nf7 12. a5 Rb8 13. axb6 axb6 14. Ra7 Be6 15. Nfd2 f5 16. exf5 gxf5 17. f4 Qf6 18. fxe5 Nxe5 19. Qh5 Nxc4 20. Nxc4 Qg6 21. Qxg6 hxg6 22. Bf4 Ra8 23. Rc7 b5 24. Ne5 g5 25. Bh2 Rfc8 26. Re7 Re8 27. Nxc6 Bxb2 28. Rb7 f4 29. Rxb5 Bf6 30. Rb6 Ra2 31. Rb7 Bd5 32. Rc7 Rxc2 33. Rf2 Re1+ 0-1

[Event "RUS-chT Blitz Men 2018"]
[Site "Sochi"]
[Date "2018.10.10"]
[Round "14"]
[White "Tereshechkina, Maya"]
[Black "Pogromsky, Mikhail"]
[Result "0-1"]
[WhiteElo "2018"]
[BlackElo "2415"]
[Annotator "TA"]
[PlyCount "74"]
[EventDate "2018.10.10"]
[EventType "swiss"]
[EventCountry "RUS"]
[SourceTitle "playchess.com"]
[Source "ChessBase"]
[SourceQuality "1"]

1. d4 Nf6 2. Nf3 e6 3. c4 c5 4. d5 b5 5. dxe6 fxe6 6. cxb5 a6 7. Nc3 axb5 8. Nxb5 d5 9. a4 Be7 10. Bf4 O-O 11. e3 Ne4 12. Bd3 Qa5+ 13. Ke2 Nf6 14. Qd2 c4 15. Bc2 Bb4 16. Qd1 Nc6 17. Nfd4 Bd7 18. Nxc6 Bxc6 19. Nc7 e5 20. Bxe5 Ng4 21. Bg3 Nxf2 22. Qd4 Nxh1 23. Rxh1 Ra7 24. Qh4 h6 25. Qg4 Rxc7 26. Qg6 Rf6 27. Qh7+ Kf7 28. Bxc7 Qxc7 29. Rf1 Rxf1 30. Qg6+ Kf8 31. Kxf1 Qf7+ 32. Qxf7+ Kxf7 33. Ke2 Kf6 34. Kf3 Ke5 35. g4 g5 36. h3 d4+ 37. e4 d3 0-1

[Event "RUS-chT Blitz Men 2018"]
[Site "Sochi"]
[Date "2018.10.10"]
[Round "14"]
[White "Kuzmin, Roman"]
[Black "Demidov, Mikhail"]
[Result "0-1"]
[WhiteElo "1855"]
[BlackElo "2514"]
[Annotator "TA"]
[PlyCount "116"]
[EventDate "2018.10.10"]
[EventType "swiss"]
[EventCountry "RUS"]
[SourceTitle "playchess.com"]
[Source "ChessBase"]
[SourceQuality "1"]

1. e4 e6 2. d4 d5 3. Nd2 Nc6 4. Ngf3 Nf6 5. exd5 exd5 6. Bb5 Bd6 7. O-O O-O 8. c4 dxc4 9. Nxc4 Ne7 10. Bg5 Ned5 11. Ne3 Be7 12. Bc4 c6 13. Qb3 Nb6 14. Rad1 Nxc4 15. Qxc4 Be6 16. Qc2 Nd5 17. Bxe7 Qxe7 18. Nxd5 Bxd5 19. Rfe1 Qf6 20. Ne5 Rfe8 21. f3 Re6 22. Nd7 Rxe1+ 23. Rxe1 Qxd4+ 24. Kh1 h6 25. Nc5 b6 26. Nd3 Rd8 27. Rd1 Qc4 28. Qxc4 Bxc4 29. Nf2 Rxd1+ 30. Nxd1 Bxa2 31. Kg1 Kf8 32. Kf2 Ke7 33. Ke3 Kd6 34. Kd4 c5+ 35. Kd3 Be6 36. Nc3 Kc6 37. Ke4 b5 38. f4 b4 39. Nd1 Bd5+ 40. Ke5 Bxg2 41. Ne3 Bh3 42. f5 a5 43. f6 gxf6+ 44. Kxf6 Be6 45. h4 a4 46. h5 a3 47. bxa3 bxa3 48. Nc2 a2 49. Kg7 f5 50. Kxh6 f4 51. Kg6 Bd5 52. Kf5 f3 53. h6 Bg8 54. Kg6 f2 55. Kg7 f1=Q 56. Kxg8 Qg2+ 57. Kh8 Qxc2 58. h7 a1=Q+ 0-1

[Event "RUS-chT Blitz Men 2018"]
[Site "Sochi"]
[Date "2018.10.10"]
[Round "14"]
[White "Pingin, Artem"]
[Black "Kozionov, Kirill"]
[Result "0-1"]
[WhiteElo "1761"]
[BlackElo "2458"]
[Annotator "TA"]
[PlyCount "145"]
[EventDate "2018.10.10"]
[EventType "swiss"]
[EventCountry "RUS"]
[SourceTitle "playchess.com"]
[Source "ChessBase"]
[SourceQuality "1"]

1. e4 c5 2. Nf3 d6 3. d4 cxd4 4. Nxd4 Nf6 5. Nc3 a6 6. h3 g6 7. g4 Bg7 8. Bg2 O-O 9. Be3 Bd7 10. Qd2 Nc6 11. O-O-O Rc8 12. Kb1 Ne5 13. b3 Nc6 14. g5 Nh5 15. Bf3 Nxd4 16. Bxd4 Bxd4 17. Qxd4 Ng7 18. Qd2 Re8 19. h4 Qa5 20. Nd5 Qxd2 21. Rxd2 Bc6 22. Bg4 Ne6 23. f4 Rcd8 24. f5 Nc5 25. Re1 Nd7 26. fxg6 hxg6 27. Bxd7 Rxd7 28. h5 gxh5 29. Rh1 Kg7 30. Rxh5 Rh8 31. Rxh8 Kxh8 32. c4 Kg7 33. Rf2 e6 34. Nf6 Rd8 35. Kc2 Rh8 36. Kd3 Rh3+ 37. Kd2 Rh4 38. Ke3 Rh3+ 39. Kd2 Kg6 40. Rg2 Rh1 41. Kc2 Rf1 42. Kd2 Rh1 43. Kc2 a5 44. Kd2 Rh3 45. Kc2 a4 46. Kb2 Rh4 47. Ng8 Bxe4 48. Ne7+ Kg7 49. Rg1 axb3 50. axb3 Kf8 51. Nc8 Rh2+ 52. Ka3 Rd2 53. Nb6 Bc6 54. g6 Kg7 55. gxf7+ Kxf7 56. Kb4 Rf2 57. Nc8 d5 58. cxd5 Bxd5 59. Nd6+ Ke7 60. Nc4 Rf4 61. Kc3 Kf6 62. Kb4 e5 63. Re1 e4 64. Nd2 Kf5 65. Kc3 Rf3+ 66. Kc2 Rf2 67. Kd1 e3 68. Nf1 e2+ 69. Rxe2 Bf3 70. Ke1 Rxe2+ 71. Kd1 Re4+ 72. Kd2 Rb4 73. Nh2 0-1

[Event "RUS-chT Blitz Men 2018"]
[Site "Sochi"]
[Date "2018.10.10"]
[Round "14"]
[White "Popov, Maksim"]
[Black "Usmanov, Vasily"]
[Result "0-1"]
[WhiteElo "1570"]
[BlackElo "2453"]
[Annotator "TA"]
[PlyCount "54"]
[EventDate "2018.10.10"]
[EventType "swiss"]
[EventCountry "RUS"]
[SourceTitle "playchess.com"]
[Source "ChessBase"]
[SourceQuality "1"]

1. e4 Nc6 2. d4 d5 3. e5 Bf5 4. Nf3 e6 5. c3 Be7 6. Bd3 Bxd3 7. Qxd3 Qd7 8. Be3 Nh6 9. Bxh6 gxh6 10. Nbd2 O-O-O 11. O-O f6 12. b4 Rdf8 13. Nb3 fxe5 14. dxe5 Qe8 15. b5 Nb8 16. Nbd4 Bc5 17. Kh1 Nd7 18. c4 Nb6 19. cxd5 Nxd5 20. Qc4 Bb6 21. a4 Rhg8 22. a5 Bxd4 23. Qxd4 Qxb5 24. Qxa7 Qa6 25. Qc5 Rxf3 26. gxf3 Qd3 27. Qa3 Nc3 0-1

[Event "RUS-chT Blitz Men 2018"]
[Site "Sochi"]
[Date "2018.10.10"]
[Round "15"]
[White "Kamsky, Gata"]
[Black "Dilmukhametov, Artur"]
[Result "1/2-1/2"]
[WhiteElo "2666"]
[BlackElo "2353"]
[Annotator "TA"]
[PlyCount "96"]
[EventDate "2018.10.10"]
[EventType "swiss"]
[EventCountry "RUS"]
[SourceTitle "playchess.com"]
[Source "ChessBase"]
[SourceQuality "1"]

1. d4 d5 2. Bf4 Nf6 3. e3 c6 4. c4 a6 5. c5 Bf5 6. Nc3 Nbd7 7. h3 Ne4 8. Nf3 e6 9. Qb3 Ra7 10. Be2 Be7 11. Ne5 Nxc3 12. bxc3 O-O 13. O-O f6 14. Nxd7 Qxd7 15. c4 e5 16. dxe5 Bxc5 17. cxd5 cxd5 18. Rad1 Be6 19. Qc3 b6 20. exf6 Rxf6 21. Be5 Rf8 22. Kh2 Qf7 23. f4 Bf5 24. Bf3 Rd7 25. Bd4 Rc8 26. Rf2 Rdd8 27. Qb3 Be4 28. Bxe4 dxe4 29. Rfd2 Qxb3 30. axb3 Bb4 31. Rf2 b5 32. f5 Rd6 33. Rf4 Re8 34. h4 Rd5 35. h5 Bd6 36. Kg3 Rxf5 37. Kg4 Rxf4+ 38. exf4 e3 39. Kf3 e2 40. Re1 Kf7 41. g3 g6 42. hxg6+ hxg6 43. Rxe2 Rxe2 44. Kxe2 a5 45. Kd3 a4 46. bxa4 bxa4 47. Be3 g5 48. fxg5 Bxg3 1/2-1/2

[Event "RUS-chT Blitz Men 2018"]
[Site "Sochi"]
[Date "2018.10.10"]
[Round "15"]
[White "Motylev, Alexander"]
[Black "Ivanova, Karina"]
[Result "1-0"]
[WhiteElo "2661"]
[BlackElo "2124"]
[Annotator "TA"]
[PlyCount "62"]
[EventDate "2018.10.10"]
[EventType "swiss"]
[EventCountry "RUS"]
[SourceTitle "playchess.com"]
[Source "ChessBase"]
[SourceQuality "1"]

1. e4 c6 2. d4 d5 3. e5 Bf5 4. Nf3 e6 5. Be2 Nd7 6. c3 h6 7. O-O Ne7 8. Nbd2 Nc8 9. a4 Be7 10. a5 a6 11. b4 O-O 12. Ne1 f6 13. f4 Na7 14. Ndf3 Nb5 15. Bd2 fxe5 16. fxe5 Qe8 17. g3 Qg6 18. Ng2 Bd3 19. Nfh4 Bxh4 20. Nxh4 Qh7 21. Ng2 g5 22. Ne3 Bxe2 23. Qxe2 Qe4 24. Qh5 Kg7 25. Ng4 Qg6 26. Qxg6+ Kxg6 27. Kg2 h5 28. Nf2 g4 29. Nd3 Rxf1 30. Rxf1 Nf8 31. Nf4+ Kf5 1-0

[Event "RUS-chT Blitz Men 2018"]
[Site "Sochi"]
[Date "2018.10.10"]
[Round "15"]
[White "Morozevich, Alexander"]
[Black "Tekeyev, Zaur"]
[Result "1-0"]
[WhiteElo "2656"]
[BlackElo "2392"]
[Annotator "TA"]
[PlyCount "74"]
[EventDate "2018.10.10"]
[EventType "swiss"]
[EventCountry "RUS"]
[SourceTitle "playchess.com"]
[Source "ChessBase"]
[SourceQuality "1"]

1. e4 c5 2. Nf3 Nc6 3. d4 cxd4 4. Nxd4 e5 5. Nb5 d6 6. N1c3 a6 7. Na3 Be7 8. Nc4 b5 9. Ne3 Nf6 10. g3 O-O 11. Bg2 b4 12. Ncd5 Nxd5 13. Nxd5 Bg5 14. Bxg5 Qxg5 15. a3 Rb8 16. axb4 Nxb4 17. Ne3 Qd8 18. O-O a5 19. c3 Nc6 20. Qd2 Qc7 21. Rfd1 Rd8 22. h4 Be6 23. Nf5 d5 24. Nxg7 Kxg7 25. exd5 f6 26. Qe2 Bd7 27. dxc6 Bxc6 28. Rxd8 Rxd8 29. Qc4 Rd6 30. Bxc6 Rxc6 31. Qg4+ Kf7 32. Rd1 Rd6 33. Rxd6 Qxd6 34. Qc4+ Kg7 35. b4 a4 36. b5 a3 37. Qb3 Qb6 1-0

[Event "RUS-chT Blitz Men 2018"]
[Site "Sochi"]
[Date "2018.10.10"]
[Round "15"]
[White "Alekseenko, Kirill"]
[Black "Triapishko, Alexandr"]
[Result "1-0"]
[WhiteElo "2639"]
[BlackElo "2508"]
[Annotator "TA"]
[PlyCount "133"]
[EventDate "2018.10.10"]
[EventType "swiss"]
[EventCountry "RUS"]
[SourceTitle "playchess.com"]
[Source "ChessBase"]
[SourceQuality "1"]

1. e4 c6 2. d4 d5 3. exd5 cxd5 4. Bd3 Nf6 5. h3 Nc6 6. c3 e5 7. dxe5 Nxe5 8. Nf3 Bd6 9. Nxe5 Bxe5 10. Qe2 O-O 11. O-O Re8 12. Qf3 h6 13. Na3 Bb8 14. Bf4 Bxf4 15. Qxf4 Bd7 16. Qd4 Qc7 17. Rfe1 a6 18. Nc2 Rac8 19. Re3 Qc5 20. Rae1 Qxd4 21. Nxd4 Kf8 22. Rxe8+ Rxe8 23. Rd1 Ke7 24. Bc2 Kd6 25. f3 g6 26. Kf2 h5 27. h4 Re7 28. Bb3 Re8 29. Ne2 Be6 30. Rd2 Rd8 31. Kg3 Ke7 32. Nd4 Kd6 33. Kf4 Nh7 34. Re2 Rc8 35. Bc2 Bd7 36. Rd2 Re8 37. Bb3 Be6 38. Nc2 Nf6 39. Ne3 Kc5 40. Rd4 b5 41. Nc2 a5 42. a3 Ng8 43. Rd2 Ne7 44. Ne3 Rd8 45. Ke5 Nc6+ 46. Kf6 d4 47. cxd4+ Rxd4 48. Rxd4 Kxd4 49. Bxe6 fxe6 50. Nd1 Ne5 51. Nc3 b4 52. axb4 axb4 53. Ne2+ Kd5 54. Nf4+ Kd6 55. b3 Nd7+ 56. Kxg6 Nc5 57. Kxh5 e5 58. Ne2 Nxb3 59. Kg6 Nd4 60. Nc1 Ne6 61. g3 Nd4 62. h5 Nxf3 63. h6 e4 64. h7 b3 65. h8=Q Ne5+ 66. Kf5 b2 67. Qxe5+ 1-0

[Event "RUS-chT Blitz Men 2018"]
[Site "Sochi"]
[Date "2018.10.10"]
[Round "15"]
[White "Lysyj, Igor"]
[Black "Demidov, Mikhail"]
[Result "1-0"]
[WhiteElo "2631"]
[BlackElo "2514"]
[Annotator "TA"]
[PlyCount "183"]
[EventDate "2018.10.10"]
[EventType "swiss"]
[EventCountry "RUS"]
[SourceTitle "playchess.com"]
[Source "ChessBase"]
[SourceQuality "1"]

1. d4 d5 2. c4 c6 3. Nf3 Nf6 4. g3 Bf5 5. Nc3 e6 6. Qb3 Qb6 7. c5 Qc7 8. Bf4 Qc8 9. Nh4 Bg6 10. Nxg6 hxg6 11. Bg2 Nbd7 12. O-O Be7 13. Qc2 O-O 14. b4 Bd8 15. b5 Bc7 16. bxc6 bxc6 17. Bd2 e5 18. e3 Qa6 19. Rfb1 Rfb8 20. Bf1 Qc8 21. Qa4 Bd8 22. Rb3 a5 23. Rab1 Rxb3 24. axb3 Qb7 25. Ne2 Ne4 26. Be1 Ng5 27. Bg2 Ne6 28. Bc3 exd4 29. exd4 Ndf8 30. Qa2 Qb5 31. Qc2 Bf6 32. h4 Nc7 33. Bf1 Nfe6 34. Ra1 Qb7 35. Ra4 Nb5 36. Bb2 Qc7 37. Qd2 g5 38. h5 g4 39. Bg2 Ng5 40. Qd3 Qd7 41. Bc1 Qe6 42. Bd2 Bd8 43. Nf4 Qd7 44. Ra1 Bf6 45. Ne2 Bd8 46. Nf4 Bf6 47. Ne2 Qd8 48. Re1 Ra7 49. Ra1 Ne6 50. Be3 Ng5 51. Qf5 Ne6 52. Rd1 Bg5 53. Qxg4 Bxe3 54. fxe3 a4 55. bxa4 Rxa4 56. h6 Qf6 57. hxg7 Qxg7 58. Qxg7+ Kxg7 59. Nf4 Ng5 60. Nd3 Nc3 61. Re1 f6 62. Nf4 Ra2 63. Rc1 Nge4 64. Bxe4 Nxe4 65. Ne6+ Kg6 66. Nd8 Nxg3 67. Re1 Ra6 68. Rb1 Ne2+ 69. Kg2 Ra2 70. Kf3 Nc3 71. Rg1+ Kf5 72. Nxc6 Ra3 73. Ne7+ Ke6 74. Ng6 Nb5 75. Nf4+ Kf5 76. Rd1 Rb3 77. Nxd5 Ke6 78. Nf4+ Kd7 79. d5 f5 80. c6+ Kd6 81. Rh1 Nd4+ 82. Kf2 Rb2+ 83. Kg3 Rb3 84. Rh6+ Ke7 85. Kf2 Rb2+ 86. Kg3 Rb3 87. Kf2 Rb2+ 88. Ke1 Nf3+ 89. Kd1 Rb3 90. d6+ Kf7 91. c7 Rc3 92. d7 1-0

[Event "RUS-chT Blitz Men 2018"]
[Site "Sochi"]
[Date "2018.10.10"]
[Round "15"]
[White "Grachev, Boris"]
[Black "Diakonova, Ekaterina"]
[Result "1/2-1/2"]
[WhiteElo "2626"]
[BlackElo "2236"]
[Annotator "TA"]
[PlyCount "62"]
[EventDate "2018.10.10"]
[EventType "swiss"]
[EventCountry "RUS"]
[SourceTitle "playchess.com"]
[Source "ChessBase"]
[SourceQuality "1"]

1. d4 Nf6 2. Nf3 b6 3. Bf4 Bb7 4. e3 e6 5. h3 Bd6 6. Ne5 O-O 7. Nd2 Nd5 8. Bh2 f6 9. Nef3 Bxh2 10. Nxh2 f5 11. Nhf3 Nf6 12. Be2 d6 13. O-O Nbd7 14. a4 a5 15. Ne1 Ne4 16. Nxe4 Bxe4 17. Bf3 Nf6 18. Bxe4 Nxe4 19. Nf3 Ng5 20. Nxg5 Qxg5 21. Qf3 Rae8 22. Ra3 Qh4 23. Rc3 Re7 24. Re1 Qe4 25. Qxe4 fxe4 26. Rc6 Kf7 27. c4 Ke8 28. d5 e5 29. b3 Kd7 30. Re2 Ref7 31. g3 Re7 1/2-1/2

[Event "RUS-chT Blitz Men 2018"]
[Site "Sochi"]
[Date "2018.10.10"]
[Round "15"]
[White "Oparin, Grigoriy"]
[Black "Zvjaginsev, Vadim"]
[Result "1/2-1/2"]
[WhiteElo "2624"]
[BlackElo "2644"]
[Annotator "TA"]
[PlyCount "25"]
[EventDate "2018.10.10"]
[EventType "swiss"]
[EventCountry "RUS"]
[SourceTitle "playchess.com"]
[Source "ChessBase"]
[SourceQuality "1"]

1. Nf3 c5 2. c4 Nc6 3. d4 cxd4 4. Nxd4 g6 5. e4 Nf6 6. Nc3 d6 7. Nc2 Bg7 8. Be2 O-O 9. O-O Nd7 10. Bd2 Nc5 11. b4 Nd7 12. Rb1 b6 13. f3 1/2-1/2

[Event "RUS-chT Blitz Men 2018"]
[Site "Sochi"]
[Date "2018.10.10"]
[Round "15"]
[White "Indjic, Aleksandar"]
[Black "Nuristani, Iman"]
[Result "1-0"]
[WhiteElo "2604"]
[BlackElo "2242"]
[Annotator "TA"]
[PlyCount "58"]
[EventDate "2018.10.10"]
[EventType "swiss"]
[EventCountry "RUS"]
[SourceTitle "playchess.com"]
[Source "ChessBase"]
[SourceQuality "1"]

1. d4 Nf6 2. c4 e6 3. Nc3 Bb4 4. Qc2 O-O 5. Bg5 d5 6. cxd5 exd5 7. e3 c6 8. Bd3 h6 9. Bh4 Be6 10. Nge2 Bd6 11. f3 Nbd7 12. g4 Qc7 13. g5 hxg5 14. Bxg5 a6 15. O-O-O c5 16. Rdg1 c4 17. Bf5 b5 18. Bh6 Ne8 19. Rxg7+ Nxg7 20. Rg1 Rfe8 21. Rxg7+ Kf8 22. Bxe6 Rxe6 23. Nxd5 Qc6 24. Rg6+ Ke8 25. Rxe6+ fxe6 26. Qg6+ Kd8 27. Qg8+ Nf8 28. Bxf8 Qxd5 29. e4 Bf4+ 1-0

[Event "RUS-chT Blitz Men 2018"]
[Site "Sochi"]
[Date "2018.10.10"]
[Round "15"]
[White "Kryakvin, Dmitry"]
[Black "Pingin, Artem"]
[Result "1-0"]
[WhiteElo "2595"]
[BlackElo "1761"]
[Annotator "TA"]
[PlyCount "83"]
[EventDate "2018.10.10"]
[EventType "swiss"]
[EventCountry "RUS"]
[SourceTitle "playchess.com"]
[Source "ChessBase"]
[SourceQuality "1"]

1. d4 d5 2. c4 e6 3. Nf3 c6 4. Nbd2 Nf6 5. g3 Nbd7 6. Bg2 Be7 7. O-O O-O 8. Qc2 b6 9. e4 dxc4 10. Nxc4 Bb7 11. Bg5 b5 12. Nce5 c5 13. Nxd7 Nxd7 14. Bxe7 Qxe7 15. Rfd1 cxd4 16. Nxd4 Rac8 17. Qd2 Nf6 18. Nxb5 Bxe4 19. Bxe4 Nxe4 20. Qe3 Nc5 21. b4 Na6 22. a3 Qb7 23. Nd6 Qb8 24. Nxc8 Rxc8 25. Rac1 Nc7 26. Qe5 h6 27. Rd7 Nd5 28. Qxb8 Rxb8 29. Rxa7 g5 30. f3 f5 31. Re1 Rb6 32. Kf2 g4 33. fxg4 fxg4 34. Re4 h5 35. Re5 Nf6 36. Re7 Ra6 37. R7xe6 Rxa3 38. Rxf6 Ra2+ 39. Ke3 Rxh2 40. Re7 h4 41. Ra6 Kf8 42. Rb7 1-0

[Event "RUS-chT Blitz Men 2018"]
[Site "Sochi"]
[Date "2018.10.10"]
[Round "15"]
[White "Antipov, Mikhail Al."]
[Black "Kuzmin, Roman"]
[Result "1-0"]
[WhiteElo "2593"]
[BlackElo "1855"]
[Annotator "TA"]
[PlyCount "54"]
[EventDate "2018.10.10"]
[EventType "swiss"]
[EventCountry "RUS"]
[SourceTitle "playchess.com"]
[Source "ChessBase"]
[SourceQuality "1"]

1. e4 e5 2. Nf3 Nc6 3. d4 exd4 4. Nxd4 Nf6 5. Nxc6 bxc6 6. e5 Qe7 7. Qe2 Nd5 8. g3 g6 9. c4 Nb6 10. Bg2 Bg7 11. O-O O-O 12. Re1 Re8 13. Bf4 g5 14. Bd2 Qxe5 15. Qd1 Qxe1+ 16. Bxe1 Bxb2 17. Bc3 Bxa1 18. Bxa1 d5 19. Nd2 Bf5 20. Nf3 f6 21. Qd4 Re6 22. h4 g4 23. Ng5 Rd6 24. c5 Rf8 25. cxd6 cxd6 26. Qf4 Bg6 27. Qxd6 fxg5 1-0

[Event "RUS-chT Blitz Men 2018"]
[Site "Sochi"]
[Date "2018.10.10"]
[Round "15"]
[White "Maletin, Pavel"]
[Black "Okun, Evgeny"]
[Result "1-0"]
[WhiteElo "2586"]
[BlackElo "2163"]
[Annotator "TA"]
[PlyCount "76"]
[EventDate "2018.10.10"]
[EventType "swiss"]
[EventCountry "RUS"]
[SourceTitle "playchess.com"]
[Source "ChessBase"]
[SourceQuality "1"]

1. c4 e5 2. g3 Nc6 3. Nc3 Bc5 4. Bg2 a6 5. Nf3 d6 6. O-O f5 7. e3 e4 8. Nh4 Nf6 9. d4 Ba7 10. Bh3 Ne7 11. f4 O-O 12. Re1 g6 13. b4 Be6 14. Bf1 d5 15. c5 Bb8 16. a4 c6 17. Rb1 h6 18. b5 axb5 19. axb5 g5 20. Ng2 b6 21. bxc6 bxc5 22. dxc5 Nxc6 23. Rb6 Qd7 24. Bb5 Rc8 25. Ne2 Ba7 26. Bb2 Bxb6 27. cxb6 Ne8 28. fxg5 hxg5 29. h4 Qb7 30. Bxc6 Rxc6 31. Qd4 Qxb6 32. Qh8+ Kf7 33. hxg5 Rb8 34. Be5 Rb7 35. Nef4 Ke7 36. g6 Kd8 37. g7 Qb4 38. Nxe6+ Rxe6 1-0

[Event "RUS-chT Blitz Men 2018"]
[Site "Sochi"]
[Date "2018.10.10"]
[Round "15"]
[White "Rozum, Ivan"]
[Black "Babayan, Arman S."]
[Result "1-0"]
[WhiteElo "2573"]
[BlackElo "1673"]
[Annotator "TA"]
[PlyCount "189"]
[EventDate "2018.10.10"]
[EventType "swiss"]
[EventCountry "RUS"]
[SourceTitle "playchess.com"]
[Source "ChessBase"]
[SourceQuality "1"]

1. e4 c5 2. Nf3 Nc6 3. Bb5 g6 4. Bxc6 dxc6 5. d3 Bg7 6. h3 Nf6 7. Nc3 O-O 8. Be3 b6 9. Qd2 Re8 10. O-O Qc7 11. Bh6 Bh8 12. Qf4 Qxf4 13. Bxf4 Ba6 14. Be5 Rad8 15. a3 b5 16. b4 c4 17. d4 Bc8 18. a4 a6 19. axb5 cxb5 20. d5 Bb7 21. Rfe1 Nd7 22. Bxh8 Kxh8 23. Nd4 Nb6 24. Rad1 e6 25. dxe6 fxe6 26. Nf3 Rxd1 27. Rxd1 Na4 28. Nxa4 bxa4 29. Ng5 Re7 30. c3 h6 31. Nf3 Bxe4 32. Ne5 Kg7 33. Nxc4 Bc6 34. Na5 Bd5 35. Ra1 Rc7 36. c4 Bxc4 37. Rxa4 Bb5 38. Ra1 Rc2 39. Nb7 Rb2 40. Nc5 Rxb4 41. Nxe6+ Kf6 42. Nc7 Rb2 43. Nxa6 Bxa6 44. Rxa6+ Kg7 45. h4 Rb1+ 46. Kh2 Rb3 47. f3 h5 48. Kg3 Kh6 49. Re6 Ra3 50. Re2 Rd3 51. Kf2 Ra3 52. Rd2 Rb3 53. Kg3 Ra3 54. Re2 Rb3 55. Kf4 Rb4+ 56. Re4 Rb2 57. g3 Rb8 58. Ke5 Re8+ 59. Kd4 Rf8 60. Rf4 Rd8+ 61. Ke5 Re8+ 62. Kf6 Rf8+ 63. Ke7 Ra8 64. Rf8 Ra7+ 65. Kf6 Ra6+ 66. Ke5 Ra5+ 67. Kf4 Ra4+ 68. Ke3 Ra3+ 69. Kf2 Ra2+ 70. Kf1 Rb2 71. Re8 Kg7 72. Re2 Rb1+ 73. Kf2 Rb3 74. Rd2 Rc3 75. Ke2 Ra3 76. Rd3 Ra2+ 77. Ke3 Ra4 78. Rd4 Ra3+ 79. Kf4 Ra8 80. g4 hxg4 81. fxg4 Rf8+ 82. Kg5 Rf7 83. Rd6 Ra7 84. Rxg6+ Kh7 85. Rf6 Ra5+ 86. Rf5 Ra1 87. h5 Rg1 88. Rf7+ Kg8 89. Rd7 Ra1 90. Re7 Kf8 91. Re5 Kg8 92. Kf6 Ra6+ 93. Re6 Ra1 94. Kg6 Rg1 95. Re8# 1-0

[Event "RUS-chT Blitz Men 2018"]
[Site "Sochi"]
[Date "2018.10.10"]
[Round "15"]
[White "Bocharov, Ivan"]
[Black "Kretov, Evgenij"]
[Result "1/2-1/2"]
[WhiteElo "2563"]
[BlackElo "2219"]
[Annotator "TA"]
[PlyCount "157"]
[EventDate "2018.10.10"]
[EventType "swiss"]
[EventCountry "RUS"]
[SourceTitle "playchess.com"]
[Source "ChessBase"]
[SourceQuality "1"]

1. e4 c5 2. Nf3 Nc6 3. d4 cxd4 4. Nxd4 g6 5. c4 Nf6 6. Nc3 d6 7. f3 Nxd4 8. Qxd4 Bg7 9. Be3 O-O 10. Qd2 Be6 11. Rc1 Qa5 12. Be2 Rfc8 13. b3 a6 14. O-O Nd7 15. f4 Nc5 16. Bf3 Rab8 17. f5 Bd7 18. Nd5 Qxd2 19. Bxd2 Bd4+ 20. Kh1 Re8 21. Bc3 Bxc3 22. Rxc3 f6 23. g4 b5 24. cxb5 Bxb5 25. Rfc1 Kf7 26. Kg2 Nd3 27. Rd1 Ne5 28. Rc7 Rbc8 29. Rdc1 Rxc7 30. Rxc7 gxf5 31. gxf5 Nxf3 32. Kxf3 Bf1 33. b4 Bb5 34. Ke3 Bf1 35. a4 Kf8 36. Rb7 Bc4 37. b5 axb5 38. axb5 Bxd5 39. exd5 Ra8 40. b6 Ra1 41. Rc7 Rb1 42. b7 Kf7 43. Kf3 Rb4 44. Kg3 Rb3+ 45. Kg4 Rb4+ 46. Kh5 Rb3 47. Kg4 Rb4+ 48. Kf3 Rb3+ 49. Ke2 Rb2+ 50. Kd3 Rb3+ 51. Kc2 Rb6 52. Kc3 Rb1 53. h3 Rb6 54. Kd3 Rb3+ 55. Ke2 Rb2+ 56. Kf3 Rb3+ 57. Kg4 Rb4+ 58. Kh5 Rb3 59. Kh4 Rb4+ 60. Kg3 Rb3+ 61. Kf2 Rb2+ 62. Ke3 Rb3+ 63. Kd4 Rb4+ 64. Kc3 Rb6 65. Rd7 Ke8 66. Rc7 Kf7 67. h4 Rb1 68. Kd3 Rb3+ 69. Ke4 Rb4+ 70. Kf3 Rb3+ 71. Kg4 Rb1 72. Kf3 Rb3+ 73. Ke2 Rb2+ 74. Kd3 Rb3+ 75. Kc2 Rb6 76. h5 h6 77. Kc3 Rb5 78. Kc4 Rb6 79. Kd4 1/2-1/2